| 000 | 00922cam a2200277Ia 4500 | ||
|---|---|---|---|
| 008 | |||
| 020 | _a0521627168 (pbk.) | ||
| 049 | _aMAIN | ||
| 090 | _aQK649 | ||
| 245 | 0 | 4 |
_aThe Tansley review collections. _n1, _pLeaf development and function / _cedited by A.M. Hetherington. |
| 246 | 3 | 0 | _aLeaf development and function |
| 260 |
_aCambridge : _bPublished for the New Phytologist Trust by Cambridge University Press, _cc1997. |
||
| 300 |
_a1 v. (various pagings) : _bill. ; _c30 cm. |
||
| 504 | _aIncludes bibliographical references. | ||
| 650 | 0 |
_aLeaves _xDevelopment. |
|
| 650 | 0 |
_aLeaves _xGrowth. |
|
| 700 | 1 | _aHetherington, A. M. | |
| 710 | 2 | _aNew Phytologist Trust. | |
| 730 | 0 | _aNew phytologist. | |
| 730 | 0 | _aTansley review. | |
| 907 |
_a.b10018852 _b24-06-05 _c17-04-03 |
||
| 003 | |||
| 005 | 20230123134021.0 | ||
| 040 | _cNUST | ||
| 942 |
_cBOOKS _kQK649 |
||
| 999 |
_c158588 _d158588 |
||